000 00299nam a2200109Ia 4500
008 171211s9999 xx 000 0 und d
245 4 _aThe Ultimate Guide To Colored Pencil
245 _cGary Greene
260 _c2010
650 _xDrawing
856 _uhttp://down.ebook777.com/007/9781440313578.rar
999 _c348008
_d348008